| 000 | 00739nam a2200229 a 4500 | ||
|---|---|---|---|
| 001 | 000025523 | ||
| 005 | 20200930023842.0 | ||
| 008 | 110217s1973 dr 000 0 spa d | ||
| 040 |
_aDO-SdBNP _bspa _cBNPHU |
||
| 082 |
_a248.844 _bM935t, 1973 |
||
| 110 | 1 |
_aMovimiento Familiar Cristiano _952173 |
|
| 245 | 1 | 0 | _aTemario de reuniones para equipos de iniciación B. |
| 246 | 1 | 4 | _aEquipos de iniciación B. |
| 250 | _a3ª ed. | ||
| 260 |
_aSanto Domingo : _bAmigo del Hogar, _c1973. |
||
| 300 |
_a86 p. ; _c23 cm. |
||
| 590 | _aInventariado, 2018/ YL | ||
| 650 | 4 |
_aFamilia cristiana _952174 |
|
| 650 | 4 |
_aConsejería matrimonial _91274 |
|
| 650 | 4 |
_aEducación para la vida familiar _92729 |
|
| 910 | _aValidado. Control de calidad EMS | ||
| 999 |
_c25015 _d25015 |
||